00493nam a2200145Ia 4500008004100000041000800041082001200049100001600061245004500077260003300122300003000155365001100185999001700196952013400213240624s9999 xx 000 0 und d aeng a828 CAI aCAIOLI LUCA aSUAREZ THE EXTRAORDINARY STORY BEHIND FO c2015aLondonbIcon Books Ltd avi, : 217 : p. : cm. ; 19 cRSb30 c26866d26866 00104070aIMTNbIMTNcRack 42-Ad2016-03-02eVBCg399.00l3o828 CAIp26866r2026-01-16 13:34:47s2026-01-09t1w2024-06-24yBK